Копия отношения цесаревича Константина Павловича к начальнику Главного штаба князю Петру Михайловичу Волконскому по поводу умень...

Доступно только в Электронных читальных залах Найти на картеНа карте
RUSMARC
00003557nmc2a2200000 x 450
0010fb608a5-2974-4849-8be8-533da280a9ed
00520151217172739.0
100##$a20150603l18201820k l0rusy0189 ca
1010#$arus
102##$aRU
2001#$aКопия отношения цесаревича Константина Павловича к начальнику Главного штаба князю Петру Михайловичу Волконскому по поводу уменьшения издержек на содержание войсковых лошадей и на военное снаряжение
$j9 мая 1820 г.
251##$cДело
300##$aДело
801#0$aRU
$bРГИА
$c20150603
$gRCR
801#1$aRU
$bГлавНИВЦ
$c20150603
$2rusmarc
801#2$aRU
$bПБ им. Б.Н. Ельцина
$c20151217
$gRCR
$2rusmarc
850##$aРГИА
852##$aРГИА
$eФедеральное казенное учреждение "Российский государственный исторический архив" (РГИА)
$j97
937##$hРГИА
$d12146287
$aASBIBLIO_SCAN
462#0$1001822e29f6-cf5c-4253-b938-c1de610979e5
$12001
$aАрхив князей Васильчиковых. 1706-1917 гг.
$1251
$cОпись
$1852
$j1
461#0$1001f72a1ecb-9a9a-44e3-87ff-4a647e6521fe
$12001
$aВасильчиковы, князья
$1251
$cФонд
$1852
$j651
215##$a4 л.
$d36,5х26 см
371##$aДокумент не является опубликованным и широко распространяемым
105##$ay###
1220#$ad
035##$a0fb608a5-2974-4849-8be8-533da280a9ed
Формат отображения